000 00387 a2200169 4500
001 72491
020 _a97885160666185
040 _cAnchieta - Colégio São Paulo
100 _aBandeira, Pedro
240 1 0 _aA marca de uma lágrima
_lpor
245 1 0 _aA marca de uma lágrima
300 _a183
362 0 _a2010
440 1 _aModerna
650 4 _aLiteratura juvenil
942 _cBK
999 _c72491
_d72491